000 00449nam a2200181Ia 4500
001 22368
005 20260414150826.0
008 260414t2007||||xx |||||||||||||| ||spa||
041 _aESP
082 _a621.38
_bC247D
100 _aRanjbar, Amir S.
_eAUT
245 0 _aCCNP ONT :
_bofficial exam certification guide
260 _c2007
300 _axxiii, 373 páginas :
_c24 cm.
650 _aTCA
654 _aCET
942 _cLIB
_dJUS
_fJUS
_2ddc
_n
999 _c22368
_d22368